000 00981nam0a22002771 4500
001 v19\rc\1681543
005 20250619020754.0
035 _a(NLR Aleph) 004787271
090 _a4695231
_c4695231
100 _a20061002d1895 |||y0rusy50 ca
101 0 _arus
102 _aRU
105 _ab z |||c|
200 1 _aОчерк положения, оро-гидрографических, геологических и почвенных условий Казанской губернии
_fР. Ризположенский
210 _aКазань
_cтипо-лит. В.М. Ключникова
_d1895
215 _a[4], 71 с., 4 л. карт.
_d27
700 1 _aРизположенский
_bР.В.
_gРафаил Васильевич
801 0 _aRU
_bNLR
_gpsbo
801 0 _aRU
_bRuMoRGB
_2psbo
801 1 _aRU
_bProSoft-M
_2rusmarc
852 _aNLR
_j18.110.2.355
899 _aRuMoRGB
_jA 219/209
899 _aБАН
899 _aНБ МГУ
942 _cBOOK
980 _aNB